Conflictos sociales y estancamiento económico en la España medieval / (Record no. 116170)

MARC details
000 -LEADER
campo de control de longitud fija 00645nam a2200205 4500
001 - NÚMERO DE CONTROL
campo de control 116170
003 - IDENTIFICADOR DE NÚMERO DE CONTROL
campo de control ES-MaACL
005 - FECHA Y HORA DE LA ÚLTIMA TRANSACCIÓN
campo de control 20230906190842.0
007 - CAMPO FIJO DE DESCRIPCIÓN FÍSICA--INFORMACIÓN GENERAL
campo de control de longitud fija t|
008 - DATOS DE LONGITUD FIJA--INFORMACIÓN GENERAL
campo de control de longitud fija 061121s1973 sp r ||||1| spa d
100 1# - ENTRADA PRINCIPAL--NOMBRE DE PERSONA
Nombre de persona Pastor de Togneri, Reyna.
9 (RLIN) 89502
245 10 - MENCIÓN DEL TÍTULO
Título Conflictos sociales y estancamiento económico en la España medieval /
Mención de responsabilidad, etc. Reyna Pastor de Togner.
260 ## - PUBLICACIÓN, DISTRIBUCIÓN, ETC.
Lugar de publicación, distribución, etc. Barcelona [etc.] :
Nombre del editor, distribuidor, etc. Ariel,
Fecha de publicación, distribución, etc. 1973.
300 ## - DESCRIPCIÓN FÍSICA
Extensión 268 p. ;
Dimensiones 18 cm.
490 1# - MENCIÓN DE SERIE
Mención de serie Ariel quincenal ;
Designación de volumen o secuencia 86
830 0# - PUNTO DE ACCESO ADICIONAL DE SERIE-TÍTULO UNIFORME
Título uniforme Ariel quincenal ;
Designación de volumen o secuencia 86
9 (RLIN) 180806
852 ## - LOCALIZACIÓN
Ubicación ES-MaACL
Número de control de estantería C-56670
Sublocalización o colección R.89398
852 ## - LOCALIZACIÓN
Ubicación ES-MaACL
Número de control de estantería A-8768
Sublocalización o colección R.98131
Holdings
Estatus retirado Estado de pérdida Fuente del sistema de clasificación o colocación Estado de daño No para préstamo Biblioteca de origen Biblioteca actual Ubicación en estantería Fecha de adquisición Número de inventario Total de préstamos Signatura topográfica completa Código de barras Visto por última vez Precio de reemplazo Tipo de ítem Koha Restricciones de uso
    Clasificación decimal universal     Biblioteca del Ateneo de Madrid Biblioteca del Ateneo de Madrid Depósito 2 17/01/2008 R.89398   C-56670 1121144 23/02/2023 23/02/2023 Libro impreso  
    Clasificación decimal universal     Biblioteca del Ateneo de Madrid Biblioteca del Ateneo de Madrid Depósito 1 17/01/2008 R.89398   A-8768 1122213 23/02/2023 23/02/2023 Libro impreso Duplicado